AI painted cities - Statistics

General Stats
  • This quiz has been taken 107 times
  • The average score is 12 of 16
Answer Stats
Picture Answer % Correct
London
100%
Moscow
99%
Rio de Janeiro
97%
Rome
97%
Berlin
94%
Cairo
90%
Tokyo
90%
Mecca
84%
New York City
78%
Paris
78%
Barcelona
76%
Copenhagen
58%
Taipei
56%
Dubai
55%
Timbuktu
19%
Saint-Rémy
9%
No matching quizzes found
Score Distribution
Percent of People with Each Score
Percentile by Number Answered
Your Score History
You have not taken this quiz